<?xml version="1.0" encoding="UTF-8"?>
<record
    xmlns:xsi="http://www.w3.org/2001/XMLSchema-instance"
    xsi:schemaLocation="http://www.loc.gov/MARC21/slim http://www.loc.gov/standards/marcxml/schema/MARC21slim.xsd"
    xmlns="http://www.loc.gov/MARC21/slim">

  <leader>04582nam a2200301 a 4500</leader>
  <controlfield tag="001"> </controlfield>
  <controlfield tag="003">DO-SdBNP</controlfield>
  <controlfield tag="005">20220314091124.0</controlfield>
  <controlfield tag="008">090825s2006    dr            000 0 spa d</controlfield>
  <datafield tag="040" ind1=" " ind2=" ">
    <subfield code="a">DO-SdBNP</subfield>
    <subfield code="b">spa</subfield>
    <subfield code="c">BPMSU </subfield>
  </datafield>
  <datafield tag="082" ind1=" " ind2=" ">
    <subfield code="a">346.015 </subfield>
    <subfield code="b">C348d 2006</subfield>
    <subfield code="2">22</subfield>
  </datafield>
  <datafield tag="100" ind1="1" ind2=" ">
    <subfield code="a">Castellanos Estrella, V&#xED;ctor Jos&#xE9;</subfield>
  </datafield>
  <datafield tag="245" ind1="1" ind2="0">
    <subfield code="a">Derecho de familia en el siglo XXI :</subfield>
    <subfield code="b">fecundaci&#xF3;n humana asistida y filiaci&#xF3;n adoptiva /</subfield>
    <subfield code="c">Victor Jos&#xE9; Castellanos Estrella, Francisco P&#xE9;rez Lora, Zalided Alma de Ruiz.</subfield>
  </datafield>
  <datafield tag="260" ind1=" " ind2=" ">
    <subfield code="a">Santo Domingo :</subfield>
    <subfield code="b">Corripio,</subfield>
    <subfield code="c">2006.</subfield>
  </datafield>
  <datafield tag="300" ind1=" " ind2=" ">
    <subfield code="a">121 p. ;</subfield>
    <subfield code="c">22 cm.</subfield>
  </datafield>
  <datafield tag="500" ind1=" " ind2=" ">
    <subfield code="a">Bibliograf&#xED;a : p. 117-121</subfield>
  </datafield>
  <datafield tag="505" ind1="0" ind2=" ">
    <subfield code="t">Introducci&#xF3;n --</subfield>
    <subfield code="t">Aspectos jur&#xED;dicos planteados por las t&#xE9;cnicas de fecundaci&#xF3;n humana asistida /</subfield>
    <subfield code="r">Magistrado V&#xED;ctor Jos&#xE9; Castellanos Estrella --</subfield>
    <subfield code="t">Introducci&#xF3;n ;</subfield>
    <subfield code="t">&#xBF;Cu&#xE1;ndo comienza la vida en el ser humano? ;</subfield>
    <subfield code="t">&#xBF;Qu&#xE9; decir de la personalidad del concebido? Diversas t&#xE9;cnicas en la reproducci&#xF3;n humana asistida ;</subfield>
    <subfield code="t">Inseminaci&#xF3;n artificial ;</subfield>
    <subfield code="t">Inseminaci&#xF3;n artificial con semen del marido (IAC) ;</subfield>
    <subfield code="t">Inseminaci&#xF3;n artificial hom&#xF3;loga post-morten ;</subfield>
    <subfield code="t">An&#xE1;lisis de la filiaci&#xF3;n que genera la fecundaci&#xF3;n artificial hom&#xF3;loga ;</subfield>
    <subfield code="t">Inseminaci&#xF3;n artificial con esperma de donante (IAD) ;</subfield>
    <subfield code="t">Naturaleza jur&#xED;dica de la donaci&#xF3;n de esperma ;</subfield>
    <subfield code="t">Contrato entre el m&#xE9;dico inseminador y la pareja receptora ;</subfield>
    <subfield code="t">Interrogantes sobre la filiaci&#xF3;n ;</subfield>
    <subfield code="t">Que decir de la inseminaci&#xF3;n de la mujer soltera ;</subfield>
    <subfield code="t">Fecundaci&#xF3;n "in vitro" ;</subfield>
    <subfield code="t">Fecundaci&#xF3;n in vitro por transferencia de embriones (FIVITE) ;</subfield>
    <subfield code="t">Fecundaci&#xF3;n in vitro por transferencia intratub&#xE1;rica de gemelos (GIFT) ;</subfield>
    <subfield code="t">Consideraciones generales de la fecundaci&#xF3;n in vitro ;</subfield>
    <subfield code="t">La maternidad subrogada ;</subfield>
    <subfield code="t">Inseminaci&#xF3;n artificial post mortem ;</subfield>
    <subfield code="t">Admisibilidad ;</subfield>
    <subfield code="t">La constitucionalidad de la fecundaci&#xF3;n artificial post mortem ;</subfield>
    <subfield code="t">La filiaci&#xF3;n del nacido por reproducci&#xF3;n asistida post mMortem ;</subfield>
    <subfield code="t">Filiaci&#xF3;n matrimonial ;</subfield>
    <subfield code="t">Filiaci&#xF3;n no matrimonial ;</subfield>
    <subfield code="t">Derechos sucesorios sobre el material gen&#xE9;tico depositado ;</subfield>
    <subfield code="t">Legado de semen congelado ;</subfield>
    <subfield code="t">Los derechos sucesorios del nacido ;</subfield>
    <subfield code="t">Filiaci&#xF3;n adoptiva /</subfield>
    <subfield code="r">Magistrado Francisco P&#xE9;rez Lora --</subfield>
    <subfield code="t">Introducci&#xF3;n ;</subfield>
    <subfield code="t">Aspectos hist&#xF3;ricos ;</subfield>
    <subfield code="t">En el antiguo derecho ;</subfield>
    <subfield code="t">En el siglo XX y XXI ;</subfield>
    <subfield code="t">Aspectos generales ;</subfield>
    <subfield code="t">Etimolog&#xED;a ;</subfield>
    <subfield code="t">Concepto ;</subfield>
    <subfield code="t">Caracter&#xED;sticas ;</subfield>
    <subfield code="t">La adopci&#xF3;n es una medida de protecci&#xF3;n ;</subfield>
    <subfield code="t">El derecho a tener una familia es un derecho fundamental ;</subfield>
    <subfield code="t">La adopci&#xF3;n en los instrumentos internacionales ;</subfield>
    <subfield code="t">En el c&#xF3;digo de Bustamante ;</subfield>
    <subfield code="t">En la Convenci&#xF3;n de las Naciones Unidas sobre los derechos del ni&#xF1;o ;</subfield>
    <subfield code="t">En la Convenci&#xF3;n de la Paz, sobre adopci&#xF3;n.</subfield>
  </datafield>
  <datafield tag="505" ind1="0" ind2=" ">
    <subfield code="t">En la Convenci&#xF3;n de la Haya, sobre adopci&#xF3;n ;</subfield>
    <subfield code="t">Condiciones y requisitos ;</subfield>
    <subfield code="t">Requisitos de los adoptante ;</subfield>
    <subfield code="t">Requisitos de los adoptados ;</subfield>
    <subfield code="t">Otros requisitos exigidos ;</subfield>
    <subfield code="t">Consentimiento de los padres biol&#xF3;gicos ;</subfield>
    <subfield code="t">La adopci&#xF3;n del viudo y la viuda de los padres divorciados o separados ;</subfield>
    <subfield code="t">La certificaci&#xF3;n de idoneidad ;</subfield>
    <subfield code="t">Procedimientos ;</subfield>
    <subfield code="t">Fase administrativa de protecci&#xF3;n ;</subfield>
    <subfield code="t">Fase administrativa jurisdiccional ;</subfield>
    <subfield code="t">Partes en el proceso de adopci&#xF3;n</subfield>
    <subfield code="t">Pasos ante el tribunal de NNA ;</subfield>
    <subfield code="t">Impugnaci&#xF3;n de la adopci&#xF3;n ;</subfield>
    <subfield code="t">Recursos en contra de la decisi&#xF3;n de la adopci&#xF3;n ;</subfield>
    <subfield code="t">La adopci&#xF3;n internacional ;</subfield>
    <subfield code="t">Efectos de la adopci&#xF3;n ;</subfield>
    <subfield code="t">Extinci&#xF3;n de la adopci&#xF3;n ;</subfield>
    <subfield code="t">Peligros de la adopci&#xF3;n ;</subfield>
    <subfield code="t">Conclusiones propositivas ;</subfield>
    <subfield code="t">Bibliograf&#xED;a ;</subfield>
    <subfield code="t">Aspectos psicol&#xF3;gicos de la procreaci&#xF3;n artificialmente asistida y la adopci&#xF3;n /</subfield>
    <subfield code="r">Licda. Zalided Alma de Ruiz --</subfield>
    <subfield code="t">Introducci&#xF3;n ;</subfield>
    <subfield code="t">Historia del desarrollo de la t&#xE9;cnicas sobre procreaci&#xF3;n artificialmente asistida ;</subfield>
    <subfield code="t">La teor&#xED;a del apego ;</subfield>
    <subfield code="t">Los derechos del ni&#xF1;o ;</subfield>
    <subfield code="t">Consideraciones sobre los datos emp&#xED;ricos ;</subfield>
    <subfield code="t">M&#xE9;todos de procreaci&#xF3;n artificialmente asistida ;</subfield>
    <subfield code="t">La inseminaci&#xF3;n artificial hom&#xF3;loga (IAC) ;</subfield>
    <subfield code="t">La inseminaci&#xF3;n artificial heter&#xF3;loga (IAC) ;</subfield>
    <subfield code="t">En parejas estables heterosexuales ;</subfield>
    <subfield code="t">En parejas lesbianas ;</subfield>
    <subfield code="t">En mujeres solas ;</subfield>
    <subfield code="t">La fecundaci&#xF3;n in vitro (FIV) ;</subfield>
    <subfield code="t">La maternidad subrogada o de alquiler ;</subfield>
    <subfield code="t">La adopci&#xF3;n ;</subfield>
    <subfield code="t">La adopci&#xF3;n simple ;</subfield>
    <subfield code="t">Adopci&#xF3;n de ni&#xF1;@s mayores ;</subfield>
    <subfield code="t">Adopci&#xF3;n abierta ;</subfield>
    <subfield code="t">Conclusi&#xF3;n ;</subfield>
    <subfield code="t">Referencias.</subfield>
  </datafield>
  <datafield tag="590" ind1=" " ind2=" ">
    <subfield code="a">Inventariado,2018/DG</subfield>
  </datafield>
  <datafield tag="650" ind1=" " ind2="4">
    <subfield code="a">Derecho de familia</subfield>
    <subfield code="z">Rep&#xFA;blica Dominicana</subfield>
  </datafield>
  <datafield tag="650" ind1=" " ind2="4">
    <subfield code="a">Derecho civil</subfield>
    <subfield code="z">Rep&#xFA;blica Dominicana</subfield>
  </datafield>
  <datafield tag="650" ind1=" " ind2="4">
    <subfield code="a">Inseminaci&#xF3;n artificial humana</subfield>
    <subfield code="x">Legislaci&#xF3;n</subfield>
    <subfield code="z">Rep&#xFA;blica Dominicana</subfield>
  </datafield>
  <datafield tag="650" ind1=" " ind2="4">
    <subfield code="a">Adopci&#xF3;n</subfield>
    <subfield code="z">Rep&#xFA;blica Dominicana</subfield>
  </datafield>
  <datafield tag="700" ind1="1" ind2="2">
    <subfield code="a">P&#xE9;rez Lora, Francisco</subfield>
    <subfield code="t">Filiaci&#xF3;n adoptica</subfield>
  </datafield>
  <datafield tag="700" ind1="1" ind2="2">
    <subfield code="a">Alma de Ruiz, Zalided</subfield>
    <subfield code="t">Aspectos psicol&#xF3;gicos de la procreaci&#xF3;n artificialmente asistida y la adopci&#xF3;n</subfield>
  </datafield>
  <datafield tag="910" ind1=" " ind2=" ">
    <subfield code="a"> VMateo V</subfield>
  </datafield>
  <datafield tag="942" ind1=" " ind2=" ">
    <subfield code="2">ddc</subfield>
    <subfield code="c">BK</subfield>
  </datafield>
  <datafield tag="952" ind1=" " ind2=" ">
    <subfield code="0">0</subfield>
    <subfield code="1">0</subfield>
    <subfield code="2">ddc</subfield>
    <subfield code="4">0</subfield>
    <subfield code="7">0</subfield>
    <subfield code="8">CD</subfield>
    <subfield code="a">BPMET</subfield>
    <subfield code="b">BPMET</subfield>
    <subfield code="d">2022-03-14</subfield>
    <subfield code="l">0</subfield>
    <subfield code="o">BPMSU CD 346.015  C348d 2006</subfield>
    <subfield code="p">BPMSU22030029</subfield>
    <subfield code="r">2022-03-14</subfield>
    <subfield code="w">2022-03-14</subfield>
    <subfield code="y">BK</subfield>
  </datafield>
  <datafield tag="999" ind1=" " ind2=" ">
    <subfield code="c">14069</subfield>
    <subfield code="d">14069</subfield>
  </datafield>
</record>
